| 000 | 00352nam a22001337a 4500 | ||
|---|---|---|---|
| 008 | 250327b |||||||| |||| 00| 0 eng d | ||
| 020 | _a9780340731987 | ||
| 050 |
_aP325 _b.L63 |
||
| 100 | _aLOBNER Sabastian | ||
| 245 | _aUnderstanding Semantics | ||
| 260 |
_aLondon _bHolder Education an Hachette UK Company _c2002 |
||
| 300 | _axii, 260p. | ||
| 942 | _cBK | ||
| 999 |
_c2742 _d2742 |
||